| 000 | 00384nam a2200145Ia 4500 | ||
|---|---|---|---|
| 008 | 191201s2012 xx 000 0 und d | ||
| 082 |
_a621.26 _bMOH |
||
| 100 | _aMODI, PN | ||
| 245 | 0 | _aHydraulics and fluid Mechanics Including Hydraulics Machines | |
| 250 | _a15th | ||
| 260 |
_aN. delhi _bStandard Publishere _c2012 |
||
| 300 | _a1405 | ||
| 650 | _aB.Tech(CE) | ||
| 942 |
_2ddc _cBK _04 |
||
| 999 |
_c5518 _d5518 |
||